01916nam a2200409 a 4500999001500000003000400015005001700019007001500036008004100051015001600092017004600108035002500154040002300179041001800202080002400220111008800244245014200332260013000474300003700604500004600641505013800687650004600825650004400871710005700915710005400972711006201026740005201088740004901140740005201189740003301241740002501274907007001299908000701369940000701376942001301383952011001396 c7627d7627OSt20211228113308.0co |||||||||||120305s2011 spc|||| s|||| 0|0 0 cat|  aLL20122bnc aDL B. 38904-2011bBiblioteca de Catalunya a(ES-BaCBU).b52451719 aES-BaBCbcatcCDMR acataspaaeng a654.17-053.2(063.1)2 aFòrum Mundial de la Televisió Infantiln(13è :d2009 :cBarcelona, Catalunya)04aLlibre del Fòrum Mundial de la TV Infantil :bPonències 2009h[Recurs electrònic] /cObservatori Europeu de la Televisió Infantil aBarcelona :bOETI. Observatori Europeu de la Televisió Infantil :bComissionat de les Arts Audiovisuals de Barcelona,c2010 a1 disc òptic (CD-ROM) ;c12 cm aTextos en català, castellà i anglès aConté: “Videojocs a les pantalles: juguem?!” i "Els Treballs del Naos nº 12 : les Cultures pedagògiques de la comunicació" 7aTelevisió i infantsxCongressos.2lemac 7aTelevisió i jovesxCongressos.2lemac2 aObservatori Europeu de la Televisió Infantil938932 aComissionat de les Arts Audiovisuals de Barcelona2 aJornades de l'Observatorid(2009 :cBarcelona, Catalunya)4 aLas Culturas pedagógicas de la comunicación4 aThe Pedagogics cultures of the communication4 aLes Cultures pedagògiques de la comunicació4 aLos Trabajos del Naos nº 120 aWorks of Naos nº 12 a.b52451719b17-02-21c05-03-12d05-03-12emfag-hcatispcj0k0 aBC aBC 2udccADV 00104070aCDMRbCDMRd2021-12-28eDonaciól0oCapsa CD's 5pCDMR21120158r2021-12-28w2021-12-28yADV